Statistics for Столицы Пермского края

Click here to take the quiz!

General Stats

  • This quiz has been taken 130 times
  • The average score is 6 of 19

Answer Stats

СтолицаГород% Correct
СтолицаПермь
99%
Столица солиСоликамск
62%
Калийная столицаБерезники
51%
Чайная столица Российской империиКунгур
50%
Столица коми-пермяковКудымкар
45%
Культурная и спортивная столицаЧайковский
40%
Столица ложкиНытва
34%
Столица добротыДобрянка
33%
Металлургическая столицаЧусовой
32%
Столица историиЧердынь
32%
Столица каскиЛысьва
32%
Столица авантюристовОса
31%
Горнолыжная столицаГубаха
26%
Столица алмазовКрасновишерск
21%
Столица пермских ящеровОчёр
16%
Столица самоваровСуксун
16%
Столица солнечных днейЧермоз
12%
Столица мёдаУинское
9%
Инопланетная столицаМолёбка
7%

Score Distribution

Percentile by Number Answered

Percent of People with Each Score

Your Score History

You have not taken this quiz